Enciclopedia práctica del constructor. Escaleras, parkings y garajes, montajes especiales ; tomo 4
| Main Author: | |
|---|---|
| Format: | Section = Libro |
| Language: | Undetermined Spanish |
| Published: |
España
Daly
1999
|
| Subjects: |
| LEADER | 00690nam a2200241Ia 4500 | ||
|---|---|---|---|
| 008 | 240829s9999 xx 000 0 und d | ||
| 020 | |a 84-86584-48-5 | ||
| 040 | |a BIBLIOTECA-RUSB/ Ref 690 E77 | ||
| 041 | |a spa | ||
| 082 | |a Ref 690 E77 | ||
| 100 | 1 | |a España.Ediciones Daly S.L. | |
| 245 | 1 | 0 | |a Enciclopedia práctica del constructor. Escaleras, parkings y garajes, montajes especiales ; tomo 4 |
| 260 | |a España |b Daly |c 1999 | ||
| 300 | |a 120 p. :il. | ||
| 650 | 7 | |a CONSTRUCCIÓN | |
| 650 | 7 | |b ESCALERAS | |
| 650 | 7 | |c PARKING | |
| 650 | 7 | |d PUERTAS - GARAJE | |
| 650 | 7 | |e PUERTAS - GUILLOTINA | |
| 650 | 7 | |f PUERTAS AUTOMÁTICAS | |
| 942 | |c BK |2 ddc | ||
| 991 | |a TEXTO | ||
| 999 | |c 6273 | ||